Office management / (Record no. 31096)

MARC details
000 -LEADER
fixed length control field 00890nam a22002537a 4500
005 - DATE AND TIME OF LATEST TRANSACTION
control field 20091028134253.0
008 - FIXED-LENGTH DATA ELEMENTS--GENERAL INFORMATION
fixed length control field 091028t xxu||||| |||| 00| 0 eng d
010 ## - LCCN (DPL NO)
LC control number ENG-95237
020 ## - INTERNATIONAL STANDARD BOOK NUMBER
International Standard Book Number 9780070670402
Terms of availability 150.00
020 ## - INTERNATIONAL STANDARD BOOK NUMBER
International Standard Book Number 0070670404
Terms of availability 150.00
035 ## - SYSTEM CONTROL NUMBER
System control number EN-78770
037 ## - SOURCE OF ACQUISITION
Source of stock number/acquisition DBAD/PUB
040 ## - CATALOGING SOURCE
Original cataloging agency DPL
082 ## - DEWEY DECIMAL CLASSIFICATION NUMBER
Classification number 651.3
100 ## - MAIN ENTRY--PERSONAL NAME
Personal name Balachandran, V.
245 ## - TITLE STATEMENT
Title Office management /
Statement of responsibility, etc by V. Blalchandran, V. Chandrasekaran
260 ## - PUBLICATION, DISTRIBUTION, ETC. (IMPRINT)
Place of publication, distribution, etc New Delhi
Name of publisher, distributor, etc Tata McGraw Hill Education
Date of publication, distribution, etc 2009
270 ## - ADDRESS
Address 7, West Patel Nagar
City New Delhi
Postal code 110008
300 ## - PHYSICAL DESCRIPTION
Extent xi, 258 p.
Dimensions 22cm.(Pbk).)
500 ## - GENERAL NOTE
General note Includes Index
700 ## - ADDED ENTRY--PERSONAL NAME
Personal name Chandrsekaran, V.
942 ## - ADDED ENTRY ELEMENTS (KOHA)
Source of classification or shelving scheme Dewey Decimal Classification
Item type English Books
Call number suffix BAL
Classification part 651.3
Holdings
Withdrawn status Lost status Source of classification or shelving scheme Damaged status Not for loan Collection code Home library Current library Date acquired Source of acquisition Cost, normal purchase price Total Checkouts Full call number Barcode Date last seen Copy number Cost, replacement price Koha item type
    Dewey Decimal Classification   Not For Loan Non-fiction D.B.Act.Division D.B.Act.Division 28/10/2009 DBAD / PUB 150.00   651.3 BAL EN-78770 28/10/2009 1 150.00 English Books

© Delhi Public Library
Hit Counter
free hit counter